[Event "Cheliabinsk Kibizov Memorial-A"]
[Site "Cheliabinsk"]
[Date "2018.06.25"]
[Round "5"]
[White "Grigorieva, Yulia"]
[Black "Denikina, Natalia"]
[Result "0-1"]
[WhiteElo "2035"]
[BlackElo "2161"]
[PlyCount "86"]
[EventDate "2018.06.21"]
[EventType "tourn"]
[EventRounds "9"]
[EventCountry "RUS"]
[SourceTitle "CBM 185 Extra"]
[Source "ChessBase"]
[SourceDate "2018.07.29"]
[SourceVersion "1"]
[SourceVersionDate "2018.07.29"]
[SourceQuality "1"]

1. d4 Nf6 2. c4 g6 3. Nc3 Bg7 4. e4 d6 5. Nf3 0-0 6. Be2 e5 7. 0-0 Nc6 8. Be3 Re8 9. dxe5 Nxe5 10. Nxe5 Rxe5 11. Bd4 Re8 12. f3 c6 13. Qd2 Be6 14. Rfd1 a6 15. a4 c5 16. Bf2 Bf8 17. Bg3 Qb6 18. a5 Qc6 19. Bxd6 Red8 20. e5 Ne8 21. Ne4 Bf5 22. Bd3 Nxd6 23. exd6 Bxd6 24. Nf6+ Kg7 25. Nd5 Be5 26. Bxf5 gxf5 27. Ra3 Rd6 28. f4 Bd4+ 29. Kh1 Re8 30. Rb3 Qd7 31. Rf1 Rde6 32. Rg3+ Rg6 33. Rd3 Re4 34. b4 Qc6 35. Rb1 Rge6 36. h3 Re2 37. Rg3+ Kh8 38. Qd3 Qe8 39. h4 Re1+ 40. Rxe1 Rxe1+ 41. Kh2 Rh1+ 42. Kxh1 Qe1+ 43. Kh2 Qg1+ 0-1

[Event "Cheliabinsk Kibizov Memorial-A"]
[Site "Cheliabinsk"]
[Date "2018.06.21"]
[Round "1"]
[White "Denikina, Natalia"]
[Black "Prudnikova, Svetlana"]
[Result "1/2-1/2"]
[WhiteElo "2161"]
[BlackElo "2252"]
[PlyCount "20"]
[EventDate "2018.06.21"]
[EventType "tourn"]
[EventRounds "9"]
[EventCountry "RUS"]
[SourceTitle "EXT 2019"]
[Source "ChessBase"]
[SourceDate "2018.10.10"]
[SourceVersion "1"]
[SourceVersionDate "2018.10.10"]
[SourceQuality "1"]

1. e4 c5 2. Nf3 Nc6 3. Bb5 Qb6 4. Bxc6 Qxc6 5. d3 e6 6. 0-0 Be7 7. Re1 b6 8. Nc3 Bb7 9. d4 cxd4 10. Nxd4 Qc7 1/2-1/2

[Event "Cheliabinsk Satka (Women)"]
[Site "Cheliabinsk"]
[Date "2017.12.13"]
[Round "5"]
[White "Stetsko, Lanita"]
[Black "Denikina, Natalia"]
[Result "0-1"]
[WhiteElo "2201"]
[BlackElo "2223"]
[PlyCount "66"]
[EventDate "2017.12.09"]
[EventType "tourn"]
[EventRounds "9"]
[EventCountry "RUS"]
[SourceTitle "CBM 182 Extra"]
[Source "ChessBase"]
[SourceDate "2018.02.23"]
[SourceVersion "1"]
[SourceVersionDate "2018.02.23"]
[SourceQuality "1"]

1. e4 c5 2. Nc3 Nc6 3. Nge2 g6 4. d4 cxd4 5. Nxd4 Bg7 6. Be3 d6 7. Qd2 Nf6 8. f3 0-0 9. g4 Nxd4 10. Bxd4 Be6 11. 0-0-0 Qa5 12. Kb1 Rfc8 13. a3 Qc7 14. h4 b5 15. h5 b4 16. axb4 Rab8 17. b5 a6 18. hxg6 hxg6 19. Nd5 Bxd5 20. exd5 axb5 21. Bd3 Ra8 22. Qe1 Nxd5 23. Bxg7 Kxg7 24. Qd2 Rh8 25. Be4 Qa7 26. c3 Rxh1 27. Rxh1 Qa1+ 28. Kc2 Nb4+ 29. cxb4 Rc8+ 30. Kd3 Qxh1 31. Qe2 Rc4 32. Bd5 Qb1+ 33. Ke3 Qg1+ 0-1